00309nam a2200109Ia 4500008004100000082000800041100002000049245001200069942000600081952009700087999001500184240331s9999 xx 000 0 und d bRAJ aRajathurai, S.V 0aPeriyar cL 001040708LaWERCLbWERCLcSSCd2024-03-31l0o 322.4 RAJp2943r2024-03-31w2024-03-31yL c2381d2381